Municípios da Região Metropolitana de Piracicaba (SP) no mapa - Statistics

Estatísticas Gerais
  • Esse quiz foi jogado 196 vezes
  • A pontuação média é 13 de 24
Respostas no mapa
Respostas codificadas por cores de uma escala verde-vermelha no mapa do quiz de acordo com a % correta abaixo.
 
Estatísticas das Respostas
Município % Correto
Piracicaba
99%
Limeira
78%
São Pedro
77%
Águas de São Pedro
75%
Rio Claro
67%
Araras
66%
Capivari
60%
Leme
58%
Rio das Pedras
53%
Santa Gertrudes
53%
Cordeirópolis
51%
Iracemápolis
51%
Pirassununga
51%
Charqueada
50%
Rafard
49%
Saltinho
47%
Elias Fausto
45%
Corumbataí
42%
Santa Maria da Serra
39%
Conchal
38%
Mombuca
37%
Analândia
35%
Ipeúna
35%
Santa Cruz da Conceição
33%
Nenhum quiz correspondente encontrado
Distribuição das Pontuações
Porcentagem de Pessoas com Cada Pontuação
Percentil de Números Respondidos
Sua Pontuação Histórica
Você não jogou esse quiz